00636 a2200145 4500003000500000005001700005040000900022082001200031100002500043245005100068260004100119300002600160505027300186650003100459Nust20221201121233.0 cNust a534,MOO a Moore, John Edwin. aDesign for good acoustics / cEdward D. Mills. aLondon,bArchitectural Pressc[1961] a91 p. illus.b 22 cm. aForward (Page-5), Acknowledgements (Page-8), Introduction (Page-9), The Properties of sound (Page-11), The Bchaviour of Sound in an Enclosed Space (Page-19), Design for Good Acoustics (Page-33), Examples and their Individual Requirements (Page-52), Appendix (Page-75). aDesign for good acoustics.